| 000 | 02057cam a22003134a 4500 | ||
|---|---|---|---|
| 001 | 13841054 | ||
| 005 | 20220629135519.0 | ||
| 008 | 050113s2005 njub b 001 0 eng | ||
| 010 | _a 2005042984 | ||
| 020 | _a0875526489 (paper) | ||
| 020 | _a9780875526485 | ||
| 040 |
_aDLC _cDLC _dDLC |
||
| 041 | 1 |
_aeng _hdut |
|
| 042 | _apcc | ||
| 100 | 1 |
_aBruggen, J. van, _d1936- |
|
| 240 | 1 | 0 |
_aPaulus. _lEnglish |
| 245 | 1 | 0 |
_aPaul : _bpioneer for Israel's Messiah / _cJakob van Bruggen ; translated by Ed M. Van Der Maas. |
| 260 |
_aPhillipsburg, N.J. : _bP&R Pub., _cc2005. |
||
| 300 |
_axix, 411 p. : _bmaps ; _c23 cm. |
||
| 336 | _atext | ||
| 337 | _aunmediated | ||
| 338 | _avolume | ||
| 504 | _aIncludes bibliographical references (p.370-388) and indexes. | ||
| 505 | _apt. 1. Paul the pioneer. Gone from Tarsus ; From persecutor to deserter ; Gone to Arabia ; Wandering through Southern Turkey ; Called to account ; Vanished in Greek ; Reappearance in Jerusalem ; Embattled in Ephesus ; Long-distance pastorate ; Absent from Rome ; Prisoner of his countrymen ; Sent in shackles to the Emperor ; Coworkers coming and going ; Given up as missing -- pt. 2. Paul the apostle. Paul in the constellation of the apostles ; God's envoy to the nations ; Gospel without law for Gentile Christians ; In prayer for Israel -- The chronology of Paul's life -- Bibliography of the Apostle Paul -- Jewish religion and the law. | ||
| 520 | 0 | _aThis detailed yet eminently readable description of Paul's life clearly shows that all sources converge to present a pioneer life: adventurous, unpredictable, nonlinear, full of risks. An analysis of Paul's place in the development of the Christian church shows that Paul was not a marginal figure, operating out of reaction. He was instead a driven pioneer for a Christianity that is aware of Christ's kingship, and that realizes it is not a new religion but the fulfillment of the messianic promises made to Abraham. | |
| 600 | 0 | 0 |
_aPaul, _cthe Apostle, Saint. |
| 650 | 0 |
_aApostles _vBiography. |
|
| 942 |
_2lcc _cBK |
||
| 999 |
_c51485 _d51485 |
||